The West Wing characters - Statistics

General Stats
  • This quiz has been taken 268 times
  • The average score is 18 of 24
Answer Stats
Hint Answer % Correct
Original press secretary CJ Cregg
95%
President Josiah Bartlet
95%
Original chief of staff Leo McGarry
95%
Original deputy chief of staff Josh Lyman
94%
Personal aide to the president Charlie Young
93%
Original deputy communications director Sam Seaborn
93%
Original director of communications Toby Ziegler
93%
President's youngest daughter Zoey Bartlet
93%
Senior assistant to Josh Lymn Donna Moss
92%
Democratic candidate in final season Matt Santos
87%
Deaf political consultant and pollster Joey Lucas
81%
First lady Abbey Bartlet
79%
National Security Adviser Nancy McNally
78%
Republican candidate in final season Arnold Vinick
76%
President's middle daughter Ellie Bartlet
73%
President's original executive scretary Delores Landingham
70%
Senior White House correspondent for The Washington Post Danny Concannon
68%
Original Chariman of the Joint Chiefs of Staff Percy Fitzwallace
66%
Associate White House Counsel Ainsley Hayes
60%
Wife of Democratic candidate in final season Helen Santos
58%
President's oldest daughter Liz Bartlet Westin
56%
Congresswoman from Maryland/ex-wife of White House staffer Andrea Wyatt
55%
Chief of staff for the first lady Amy Gardner
51%
Majority counsel for the House Government Reform and Oversight Committ Cliff Calley
32%
No matching quizzes found
Score Distribution
Percent of People with Each Score
Percentile by Number Answered
Your Score History
You have not taken this quiz